Fear of floating (Record no. 52357)

000 -LEADER
fixed length control field 01056pab a2200181 454500
008 - FIXED-LENGTH DATA ELEMENTS--GENERAL INFORMATION
fixed length control field 180718b2002 xxu||||| |||| 00| 0 eng d
100 ## - MAIN ENTRY--PERSONAL NAME
Personal name Calvo, Guillermo A.
245 ## - TITLE STATEMENT
Title Fear of floating
260 ## - PUBLICATION, DISTRIBUTION, ETC.
Date of publication, distribution, etc. 2002
300 ## - PHYSICAL DESCRIPTION
Extent p.379-408.
362 ## - DATES OF PUBLICATION AND/OR SEQUENTIAL DESIGNATION
Dates of publication and/or sequential designation May
520 ## - SUMMARY, ETC.
Summary, etc. Many emerging market countries have suffered financial crises. One view blames soft pegs for these crises. Adherents of this view suggest that countries move to corner solutions - hard pegs or floating exchange rates. We analyze the behavior of exchange rates, reserves, and interest rates to assess whether there is evidence that country practice is moving toward corner solutions. We focus on whether countries that claim they are floating are indeed doing so. We find that countries that say they allow their exchange rate to float mostly do not - there seems to be an epidemic case of "fear of floating." - Reproduced.
650 ## - SUBJECT ADDED ENTRY--TOPICAL TERM
Topical term or geographic name entry element Economic recession
650 ## - SUBJECT ADDED ENTRY--TOPICAL TERM
Topical term or geographic name entry element Exchange rates
700 ## - ADDED ENTRY--PERSONAL NAME
Personal name Reinhart, Carmen
773 ## - HOST ITEM ENTRY
Main entry heading Quarterly Journal of Economics
909 ## -
-- 52357
Holdings
Withdrawn status Lost status Damaged status Not for loan Permanent Location Current Location Date acquired Serial Enumeration / chronology Barcode Date last seen Price effective from Koha item type
        Indian Institute of Public Administration Indian Institute of Public Administration 2018-07-19 Volume no: 117, Issue no: 2 AR52787 2018-07-19 2018-07-19 Articles

Powered by Koha